|
|
|
|
| LEADER |
02892nam a22005295i 4500 |
| 001 |
978-3-7091-1785-9 |
| 003 |
DE-He213 |
| 005 |
20151204151700.0 |
| 007 |
cr nn 008mamaa |
| 008 |
140318s2014 au | s |||| 0|eng d |
| 020 |
|
|
|a 9783709117859
|9 978-3-7091-1785-9
|
| 024 |
7 |
|
|a 10.1007/978-3-7091-1785-9
|2 doi
|
| 040 |
|
|
|d GrThAP
|
| 050 |
|
4 |
|a QC174.7-175.36
|
| 072 |
|
7 |
|a PHS
|2 bicssc
|
| 072 |
|
7 |
|a PHDT
|2 bicssc
|
| 072 |
|
7 |
|a SCI055000
|2 bisacsh
|
| 082 |
0 |
4 |
|a 621
|2 23
|
| 245 |
1 |
0 |
|a Collective Dynamics from Bacteria to Crowds
|h [electronic resource] :
|b An Excursion Through Modeling, Analysis and Simulation /
|c edited by Adrian Muntean, Federico Toschi.
|
| 250 |
|
|
|a 1.
|
| 264 |
|
1 |
|a Vienna :
|b Springer Vienna :
|b Imprint: Springer,
|c 2014.
|
| 300 |
|
|
|a VII, 177 p. 29 illus.
|b online resource.
|
| 336 |
|
|
|a text
|b txt
|2 rdacontent
|
| 337 |
|
|
|a computer
|b c
|2 rdamedia
|
| 338 |
|
|
|a online resource
|b cr
|2 rdacarrier
|
| 347 |
|
|
|a text file
|b PDF
|2 rda
|
| 490 |
1 |
|
|a CISM International Centre for Mechanical Sciences,
|x 0254-1971 ;
|v 553
|
| 505 |
0 |
|
|a The derivation of swarming models: mean-field limit and Wasserstein distances -- Non-smooth evolution models in crowd dynamics: mathematical and numerical issues -- Pedestrians moving in the dark: balancing measures and playing games on lattices -- Stochastic competition between two populations in space -- Discrete and continuum dynamics of reacting and interacting individuals -- Multiscale crowd dynamics: modeling and theory.
|
| 520 |
|
|
|a Multiscale models in social applications combine mean-field and kinetic equations with either microscopic or macroscopic level descriptions. In this book the reader will find not only a wide spectrum of multiscale analysis results (like convergence proofs), but also practically important information such as derivations of mean-field equations, methods to handle hard contacts numerically, to model group behavior, to quantitative estimate microscopic/macroscopic segregation of competing species, to quantitative understand the limits of validity of mass-action kinetics for simple reactions.
|
| 650 |
|
0 |
|a Physics.
|
| 650 |
|
0 |
|a Biomathematics.
|
| 650 |
|
0 |
|a Statistical physics.
|
| 650 |
|
0 |
|a Dynamical systems.
|
| 650 |
|
0 |
|a Complexity, Computational.
|
| 650 |
1 |
4 |
|a Physics.
|
| 650 |
2 |
4 |
|a Statistical Physics, Dynamical Systems and Complexity.
|
| 650 |
2 |
4 |
|a Complexity.
|
| 650 |
2 |
4 |
|a Mathematical and Computational Biology.
|
| 700 |
1 |
|
|a Muntean, Adrian.
|e editor.
|
| 700 |
1 |
|
|a Toschi, Federico.
|e editor.
|
| 710 |
2 |
|
|a SpringerLink (Online service)
|
| 773 |
0 |
|
|t Springer eBooks
|
| 776 |
0 |
8 |
|i Printed edition:
|z 9783709117842
|
| 830 |
|
0 |
|a CISM International Centre for Mechanical Sciences,
|x 0254-1971 ;
|v 553
|
| 856 |
4 |
0 |
|u http://dx.doi.org/10.1007/978-3-7091-1785-9
|z Full Text via HEAL-Link
|
| 912 |
|
|
|a ZDB-2-ENG
|
| 950 |
|
|
|a Engineering (Springer-11647)
|